The history and culture of the khasi people / (Record no. 129658)

MARC details
000 -LEADER
fixed length control field 00684nam a22002297a 4500
005 - DATE AND TIME OF LATEST TRANSACTION
control field 20170124110100.0
010 ## - LIBRARY OF CONGRESS CONTROL NUMBER
LC control number 496819
020 ## - INTERNATIONAL STANDARD BOOK NUMBER
Terms of availability 25.00
035 ## - SYSTEM CONTROL NUMBER
System control number 496819
037 ## - SOURCE OF ACQUISITION
Source of stock number/acquisition Cen Lib/Ret
040 ## - CATALOGING SOURCE
Original cataloging agency DPL
Language of cataloging EN
082 ## - DEWEY DECIMAL CLASSIFICATION NUMBER
Classification number 954.51
Item number BAR
100 ## - MAIN ENTRY--PERSONAL NAME
Personal name Bareh, Hamlet
9 (RLIN) 27043
245 ## - TITLE STATEMENT
Title The history and culture of the khasi people /
Statement of responsibility, etc by Hamlet Bareh
260 ## - PUBLICATION, DISTRIBUTION, ETC. (IMPRINT)
Name of publisher, distributor, etc Hamlet Bareh
Place of publication, distribution, etc Calcutta
Date of publication, distribution, etc 1967
270 ## - ADDRESS
City Calcutta
300 ## - PHYSICAL DESCRIPTION
Extent v, 485p.
Dimensions 21cm(Hb)
500 ## - GENERAL NOTE
General note Includes bibliographical references and index
650 ## - SUBJECT ADDED ENTRY--TOPICAL TERM
Topical term or geographic name as entry element History--Khasi people
9 (RLIN) 74008
650 ## - SUBJECT ADDED ENTRY--TOPICAL TERM
Topical term or geographic name as entry element Culture and civilization--history
9 (RLIN) 74009
942 ## - ADDED ENTRY ELEMENTS (KOHA)
Source of classification or shelving scheme Dewey Decimal Classification
Koha item type English Books
Classification part 954.51
Call number suffix BAR
Holdings
Withdrawn status Lost status Damaged status Not for loan Home library Current library Date acquired Source of acquisition Cost, normal purchase price Total Checkouts Full call number Barcode Date last seen Date checked out Copy number Cost, replacement price Price effective from Koha item type
        Central Library Central Library 07/07/2015 Cen Lib/Ret 25.00 1 954.51 BAR 496819 29/07/2024 15/07/2024 1 25.00 07/07/2015 English Books

© Delhi Public Library
Hit Counter
free hit counter